| 000 | 00626nam a2200241Ia 4500 | ||
|---|---|---|---|
| 003 | 0100 | ||
| 008 | 130303s9999 xx 000 0 und d | ||
| 020 | _a0198226098 | ||
| 040 | _cARRUPELIB | ||
| 050 | _aB1574.B33D46 1983 | ||
| 100 | _aBentham, Jeremy | ||
| 245 | _aDeontology | ||
| 245 | _btogether with a table of the springs of action and the Article on Utilitarianism | ||
| 260 | _aOxford | ||
| 260 | _bClarendon Press | ||
| 260 | _C1983 | ||
| 300 | _axxxvi | ||
| 300 | _b 394 p. 24 cm | ||
| 440 | _aThe collected works of Jeremy Bentham | ||
| 650 | _aPHILOSOPHY | ||
| 650 | _bMetaphysics | ||
| 942 | 0 | 0 | _04 |
| 999 |
_c15583 _d15583 |
||